Islam in focus (Record no. 85115)

MARC details
000 -LEADER
fixed length control field 00348nam a22001217a 4500
008 - FIXED-LENGTH DATA ELEMENTS--GENERAL INFORMATION
fixed length control field 240708b |||||||| |||| 00| 0 eng d
050 ## - LIBRARY OF CONGRESS CALL NUMBER
Classification number BP 161 Abd
100 ## - MAIN ENTRY--PERSONAL NAME
9 (RLIN) 3094
Personal name Abdalati, Hammudah
245 ## - TITLE STATEMENT
Title Islam in focus
Statement of responsibility, etc. / by Hammudah Abdalati
260 ## - PUBLICATION, DISTRIBUTION, ETC.
Place of publication, distribution, etc. Indianapolis :
Name of publisher, distributor, etc. American Trust Publishers,
Date of publication, distribution, etc. 1975
300 ## - PHYSICAL DESCRIPTION
Extent xv, 211 pages
942 ## - ADDED ENTRY ELEMENTS (KOHA)
Source of classification or shelving scheme
Holdings
Withdrawn status Lost status Source of classification or shelving scheme Damaged status Not for loan Collection code Home library Current library Shelving location Date acquired Total Checkouts Full call number Barcode Date last seen Date last checked out Price effective from Koha item type
          Main Library Open Access Collection CBU-MAIN LIBRARY, KITWE. CBU-MAIN LIBRARY, KITWE. General Stacks 07/08/2024 2 BP 161 Abd 001127 08/06/2024 07/19/2024 07/08/2024 MONOGRAPH